000 00548nam a22002057a 4500
001 5020
003 FISKH
005 20241031161710.0
008 241031b cb ||||| |||| 00| 0 eng d
020 _a0050001582
040 _aFISKH
_beng
_cFISKH
_dFISKH
082 _a428.6
100 _aFlowerdew, Phyllis
245 _aReading on /
_cby Phyllis Flowerdew
260 _aEdinburgh :
_bOliver and Boyd ;
_c1960 .
300 _a198 pages :
_billustrations ;
_c22 cm .
700 _aStewart, Sam
_eillustrator
942 _2ddc
_cBK
_n0
999 _c5020
_d5020